000 00484ngm a2200181 i 4500
001 C2-0324777
003 PPAK
005 20180727221944.0
008 131223s2008 my |||| ||||| | vleng d
040 _aPPAK
_beng
_cPPAK
_erda
245 1 0 _aBarbie in a Christmas Carol
264 1 _aKuala Lumpur :
_bBerjaya HVN ,
_c2008
336 _2rdacontent
_atext
337 _2rdamedia
_aunmediated
338 _2rdacarrier
_avolume
700 1 _aLau, William,
_ecompile
942 _2ddc
_cDVD
999 _c167463
_d167463